Mengzi shi yi /

Saved in:
Bibliographic Details
Main Author: Mencius.
Other Authors: Zhang, Yuheng.
Format: Book
Language:Chinese
Published: Beitou : Zheng xing chu ban she, Min guo 53 [1964]
Subjects:
Tags: Add Tag
No Tags, Be the first to tag this record!
LEADER 00821cam a2200241ui 4500
001 007728357-0
005 20024617112705.0
008 980305s1964 ch 000 0 chi d
035 0 |a ocm38552116 
040 |a *YNH*  |c *YNH*  |d CStRLIN 
100 0 |a Mencius. 
245 1 0 |6 880-01  |a Mengzi shi yi /  |c Zhang Yuheng bian shu. 
246 1 |6 880-02  |i At head of cover t.:  |a Zhongguo wen hua ji ben jiao cai 
260 |6 880-03  |a Beitou :  |b Zheng xing chu ban she,  |c Min guo 53 [1964] 
300 |a 4, 4, 179 p. ;  |c 19 cm. 
600 0 0 |a Mencius. 
700 1 |6 880-04  |a Zhang, Yuheng. 
880 1 0 |6 245-01  |a 孟子釋義 /  |c 張玉恒編述. 
880 1 |6 246-02  |i At head of cover t.:  |a 中國文化基本教材 
880 |6 260-03  |a 北投 :  |b 正興出版社,  |c 民國53 [1964] 
880 1 |6 700-04  |a 張玉恒. 
988 |a 20021121 
906 |0 MH